El estado rural : (Registro nro. 21965)

Detalles MARC
000 -Cabecera
Campo de control interno 00992nam a2200265Ia 4500
005 - Fecha y hora del registro
control field 20260320113329.0
008 - Elementos de Longitud Fija
fixed length control field 260320s9999||||xx |||||||||||||| ||und||
020 ## - ISBN
ISBN 9786123262976
041 ## - Idioma
Codigo Idioma ESP
082 ## - DEWEY y NOTACIÓN INTERNA
Dewey 307.720985
Notación Interna P91
100 ## - AUTOR
Autor denominación Puente, Javier,
Término de relación autor
245 #0 - TÍTULO DE MATERIAL BIBLIOGRÁFICO
Título El estado rural :
Título paralelo indígenas, comuneros y campesinos en la sierra central
246 ## - TÍTULO TRADUCIDO
Título The rural state :
Título paralelo making comunidades, campesinos, and conflict in Peru´s central sierra
Autor
250 ## - EDICIÓN
Edición Primera edición
260 ## - CIUDAD, EDITORIAL, AÑO
Ciudad Lima :
Nombre de la Editorial IEP Instituto de Estudios Peruanos,
Año 2024
300 ## - DESCRIPCIÓN
N° Páginas 317 páginas :
Otros detalles fotografías ;
Dimensiones 23 cm.
Material Adicional
440 ## - MENCIÓN DE SERIE
Título de la Serie (Estudios históricos
Número de Serie ; número 97)
Volumen de Serie
650 ## - TEMAS
Temas Ciencias Sociales
653 ## - DESCRIPTORES
Lenguajes no controlado Comunidades campesinas; Propiedad de la tierra; Sierra peruana; Cambio social
654 ## - PROGRAMAS
Programa Dpto. de Humanidades
700 ## - OTROS AUTORES
Otros autores
Títulos y otras palabras asociadas con el nombre
856 ## - URL - UBICACIÓN
URI/URL: Enlace exacto del recurso <a href="https://0u20jme4p-y-https-www-jstor-org.itmsp.museknowledge.com/">https://0u20jme4p-y-https-www-jstor-org.itmsp.museknowledge.com/</a>
Nota pública: Versión digital <a href="Véase además: Base de datos JSTOR">Véase además: Base de datos JSTOR</a>
942 ## - ELEMENTOS DE KOHA
Tipo de documento Libro
Nombre del creador Justo Noguera
Código de catalogador Margarita Torres
Esquema de clasificación Dewey Decimal Classification
Suppress in OPAC
Existencias
Codigo completo Registro Colección Copia número Disponibilidad Tipo de préstamo Biblioteca Actual Procedencia (Biblioteca) Ubicacón Fecha Ingreso Tipo de Adquisición Observación Date last seen Total checkouts Price effective from Tipo de Item Estado del Material Fuente de Clasificación Damaged status Withdrawn status
307.720985 P91 1086529 Universidad Católica San Pablo 1 Disponible Disponible Víctor Andrés Belaunde Víctor Andrés Belaunde Planta baja abierta 10/03/2026 Compra Humanidades 20/03/2026   20/03/2026 Libro Bueno Dewey Decimal Classification